Southville International School and Colleges
Your cart is empty.
  • Cart
  • Lists
    Public lists Eva Luna New books Lux_list list_1
    Your lists Log in to create your own lists
  • Log in to your account
  • Your cookies
  • Search history
Southville International School and Colleges
  • Advanced search
  • Recent comments
  • Most popular
  • Libraries

Log in to your account

Log in with GOOGLE


If you do not have an external account, but do have a local account, you can still log in:

  1. Home
  2. MARC view: Discover science /
Normal view MARC view ISBD view

Discover science / (Record no. 101894)

[ view plain ]
MARC details
000 -LEADER
fixed length control field 00496nam a2200181 a 4500
005 - DATE AND TIME OF LATEST TRANSACTION
control field 20140412111220.0
008 - FIXED-LENGTH DATA ELEMENTS--GENERAL INFORMATION
fixed length control field 010522s19uu xx 00 eng d
020 ## - INTERNATIONAL STANDARD BOOK NUMBER
International Standard Book Number 067942071x
050 ## - LIBRARY OF CONGRESS CALL NUMBER
Classification number TR(GS 507
Item number C66 1989
050 ## - LIBRARY OF CONGRESS CALL NUMBER
Classification number TR(PS E
Item number Ho83 2009
100 ## - MAIN ENTRY--PERSONAL NAME
Personal name Scott, Foresman
245 ## - TITLE STATEMENT
Title Discover science /
Statement of responsibility, etc Marion Dane Bauer.
250 ## - EDITION STATEMENT
Edition statement Teacher's Annotated Ed. 1
260 ## - PUBLICATION, DISTRIBUTION, ETC. (IMPRINT)
Place of publication, distribution, etc New York :
Name of publisher, distributor, etc Scott Foresman & Company,
Date of publication, distribution, etc 1989.
650 ## - SUBJECT ADDED ENTRY--TOPICAL TERM
Topical term or geographic name as entry element Science-
Holdings
Withdrawn status Lost status Damaged status Home library Current library Shelving location Date acquired Source of acquisition Total Checkouts Full call number Barcode Date last seen Price effective from Koha item type
      Elizalde Library Elizalde Library Teachers Reference Section 04/05/2006     TR(GS 507 C66 1989 E0004 04/12/2014 04/12/2014 Books
      Elizalde Library Elizalde Library Teachers Reference Section 01/29/2011     TR(PS E Ho83 2009 E0038 04/12/2014 04/12/2014 Books

Discover science /

APA

Scott F., . (1989). Discover science. New York: Scott Foresman & Company.

Chicago

Scott Foresman, . 1989. Discover science. New York: Scott Foresman & Company.

Harvard

Scott F., . (1989). Discover science. New York: Scott Foresman & Company.

MLA

Scott Foresman, . Discover science. New York: Scott Foresman & Company. 1989.

  • Place hold
  • Print
  • Cite
  • Add to your cart (remove)
  • Save record
    BIBTEX Dublin Core MARCXML MARC (non-Unicode/MARC-8) MARC (Unicode/UTF-8) MARC (Unicode/UTF-8, Standard) MODS (XML) RIS
  • More searches
    Search for this title in:
    Other Libraries (WorldCat) Other Databases (Google Scholar) Online Stores (Bookfinder.com) Open Library (openlibrary.org)

Exporting to Dublin Core...

SOUTHVILLE LIBRARY

Southville International School and Colleges Library

1281 Tropical Ave. Cor. Luxembourg St., BF Homes International, Las Pinas City

Tel. No. 8256374 / 252358 Loc. 117/146

Powered by Koha